Normal view
MARC view
Entry Topical Term
001 - CONTROL NUMBER
- control field: 6741
003 - CONTROL NUMBER IDENTIFIER
- control field: OSt
005 - DATE AND TIME OF LATEST TRANSACTION
- control field: 20190704054832.0
008 - FIXED-LENGTH DATA ELEMENTS
- fixed length control field: 190704|| aca||aabn | a|a d
040 ## - CATALOGING SOURCE
- Original cataloging agency: OSt
- Transcribing agency: OSt
150 ## - HEADING--TOPICAL TERM
- Topical term or geographic name entry element: Labour productivity - China
670 ## - SOURCE DATA FOUND
- Source citation: Work cat.: (OSt): He, Jiaxiu 6740, Severe air pollution and labor productivity: evidence from industrial towns in China, 2019
